Единицы измерения и обозначения физико-технических величин: справочник

Λεπτομέρειες βιβλιογραφικής εγγραφής
Άλλοι συγγραφείς: Калашников Н. В. Николай Васильевич (составитель), Стоцкий Л. Р., Добрынина Н. П., Любимов Н. Г., Смирнов В. И., Тарасов Д. А.
Γλώσσα:Ρωσικά
Έκδοση: Москва, Недра, 1966
Έκδοση:2-е изд., перераб. и доп.
Θέματα:
Μορφή: Βιβλίο
KOHA link:https://koha.lib.tpu.ru/cgi-bin/koha/opac-detail.pl?biblionumber=285953

MARC

LEADER 00000nam0a2200000 4500
001 285953
005 20231101235838.0
035 |a (RuTPU)RU\TPU\book\310240 
090 |a 285953 
100 |a 20150302d1966 km y0rusy50 ca 
101 0 |a rus 
102 |a RU 
105 |a y g 001zy 
200 1 |a Единицы измерения и обозначения физико-технических величин  |e справочник  |f сост. Н. В. Калашников [и др.] 
205 |a 2-е изд., перераб. и доп. 
210 |a Москва  |c Недра  |d 1966 
215 |a 512 с. 
320 |a Библиогр.: с. 490-492 
320 |a Алфавитный указатель физических величин: с. 493-498 
320 |a Алфавитный указатель метрических единиц измерения : с. 499-504 
320 |a Алфавитный указатель важнейших британских единиц измерения : с. 505-506 
606 1 |a Физические величины  |x Единицы измерения  |2 stltpush  |3 (RuTPU)RU\TPU\subj\63831  |9 80765 
606 1 |a Международная система единиц  |2 stltpush  |3 (RuTPU)RU\TPU\subj\41899  |9 61670 
610 1 |a справочники 
610 1 |a стандарты 
610 1 |a единицы измерения 
610 1 |a понятия 
610 1 |a знаки 
610 1 |a величины 
610 1 |a библиотека А. Г. Стромберга 
675 |a 53.081.1(035)  |v 4 
702 1 |a Калашников  |b Н. В.  |g Николай Васильевич  |4 220 
702 1 |a Стоцкий  |b Л. Р.  |4 220 
702 1 |a Добрынина  |b Н. П.  |4 220 
702 1 |a Любимов  |b Н. Г.  |4 220 
702 1 |a Смирнов  |b В. И.  |4 220 
702 1 |a Тарасов  |b Д. А.  |4 220 
801 1 |a RU  |b 63413507  |c 20150302 
801 2 |a RU  |b 63413507  |c 20180222  |g RCR 
942 |c BK